000 00387nam a2200145Ia 4500
008 210716s2014 xx 000 0 und d
020 _a9788132111634
041 _aeng
082 _a658.409 SENS
100 _aSengupta, Shombit.
245 _aStrategic pokes: business jalebi.
_bBusiness jalebi.
250 _a1
260 _aNew Delhi
_bSage Publications
_c2014
300 _axviii,305
999 _c208621
_d208621